[Event "Split op 12th"]
[Site "Split"]
[Date "2023.08.07"]
[Round "4"]
[White "Cotic, Borna"]
[Black "Cvitan, Ognjen"]
[Result "1/2-1/2"]
[WhiteElo "2138"]
[BlackElo "2435"]
[PlyCount "26"]
[EventDate "2023.08.05"]
[EventType "swiss"]
[EventRounds "9"]
[EventCountry "CRO"]
[SourceTitle "CBM 215 Extra"]
[Source "ChessBase"]
[SourceDate "2023.09.30"]
[SourceVersion "1"]
[SourceVersionDate "2023.09.30"]
[SourceQuality "1"]

1. e4 c5 2. Nf3 d6 3. Bb5+ Bd7 4. Bxd7+ Qxd7 5. c4 Nf6 6. Nc3 g6 7. d4 cxd4 8. Nxd4 Bg7 9. f3 0-0 10. Be3 Nc6 11. 0-0 a6 12. a4 e6 13. Rc1 Rfc8 1/2-1/2

[Event "Wch U20 59th"]
[Site "Cala Gonone"]
[Date "2022.10.19"]
[Round "8"]
[White "Wartiovaara, Oliver"]
[Black "Cotic, Borna"]
[Result "1/2-1/2"]
[WhiteElo "2297"]
[BlackElo "2133"]
[PlyCount "104"]
[EventDate "2022.10.12"]
[EventType "swiss"]
[EventRounds "11"]
[EventCountry "ITA"]
[SourceTitle "CBM 210 Extra"]
[Source "ChessBase"]
[SourceDate "2022.11.30"]
[SourceVersion "1"]
[SourceVersionDate "2022.11.30"]
[SourceQuality "1"]

1. e4 c5 2. Nf3 e6 3. d4 cxd4 4. Nxd4 Nc6 5. Nc3 Qc7 6. g3 a6 7. Bg2 Nf6 8. 0-0 Nxd4 9. Qxd4 Bc5 10. Bf4 d6 11. Qd2 h6 12. Rad1 e5 13. Be3 Bxe3 14. fxe3 Be6 15. Qxd6 Rc8 16. Qxc7 Rxc7 17. Rd2 Ke7 18. Nd5+ Bxd5 19. exd5 Ne8 20. Rfd1 Nd6 21. Bf1 b5 22. a4 bxa4 23. Bxa6 Rb8 24. c3 a3 25. bxa3 Ra8 26. Bd3 e4 27. Bxe4 Nxe4 28. d6+ Nxd6 29. Rxd6 Rxa3 30. R6d4 Kf6 31. c4 Rxe3 32. Rc1 Re2 33. c5 Rc6 34. Rd7 Ke6 35. Ra7 g5 36. Ra8 Kf6 37. Rf1+ Kg7 38. Ra7 Rf6 39. Rxf6 Kxf6 40. c6 Rc2 41. c7 Kg6 42. Kf1 f5 43. Ke1 f4 44. Kd1 Rc4 45. Ke2 fxg3 46. hxg3 h5 47. Kd3 Rc1 48. Ke4 h4 49. gxh4 gxh4 50. Kf3 h3 51. Kg3 Rc3+ 52. Kh2 Kf6 1/2-1/2

[Event "Wch U20 59th"]
[Site "Cala Gonone"]
[Date "2022.10.12"]
[Round "1"]
[White "Cotic, Borna"]
[Black "Kozak, Antoni"]
[Result "0-1"]
[WhiteElo "2133"]
[BlackElo "2440"]
[PlyCount "96"]
[EventDate "2022.10.12"]
[EventType "swiss"]
[EventRounds "11"]
[EventCountry "ITA"]
[SourceTitle "CBM 210 Extra"]
[Source "ChessBase"]
[SourceDate "2022.11.30"]
[SourceVersion "1"]
[SourceVersionDate "2022.11.30"]
[SourceQuality "1"]

1. e4 c5 2. Nf3 d6 3. Bb5+ Nd7 4. d4 cxd4 5. Nxd4 Ngf6 6. 0-0 g6 7. Re1 Bg7 8. Bf1 Nc5 9. f3 0-0 10. c3 e5 11. Nb5 d5 12. Be3 b6 13. exd5 Nxd5 14. Bxc5 bxc5 15. c4 Nb4 16. Qxd8 Rxd8 17. N1c3 Nc2 18. Rad1 Bd7 19. Re2 Nd4 20. Nxd4 cxd4 21. Nd5 f5 22. Ree1 Kf7 23. Bd3 Rac8 24. Re2 Be6 25. Rc2 Bh6 26. Kf1 Kf8 27. Ke2 Kg7 28. Re1 Bxd5 29. cxd5 Rxc2+ 30. Bxc2 Rxd5 31. Kd3 Kf6 32. Bb3 Rc5 33. Bc4 Be3 34. Bb3 h5 35. Rf1 h4 36. Ba4 Bf4 37. Rh1 Bc1 38. b4 Rc3+ 39. Ke2 e4 40. fxe4 fxe4 41. Rf1+ Ke5 42. Rf8 d3+ 43. Kd1 Bg5 44. Ke1 e3 45. Re8+ Kd4 46. Re6 Rc1+ 47. Bd1 e2 48. Rd6+ Ke4 0-1

[Event "CRO-chT1A 30th"]
[Site "Porec"]
[Date "2022.09.30"]
[Round "7.1"]
[White "Srbis, Jurica"]
[Black "Cotic, Borna"]
[Result "1-0"]
[WhiteElo "2442"]
[BlackElo "2133"]
[PlyCount "83"]
[EventDate "2022.09.24"]
[EventType "team-tourn"]
[EventRounds "9"]
[EventCountry "CRO"]
[SourceTitle "CBM 210 Extra"]
[Source "ChessBase"]
[SourceDate "2022.11.30"]
[SourceVersion "1"]
[SourceVersionDate "2022.11.30"]
[SourceQuality "1"]
[WhiteTeam "Rijeka Liburnija"]
[BlackTeam "Split Mornar"]
[WhiteTeamCountry "CRO"]
[BlackTeamCountry "CRO"]

1. e4 c5 2. Nf3 e6 3. d4 cxd4 4. Nxd4 Nc6 5. Nc3 Qc7 6. Be2 a6 7. 0-0 Nf6 8. Be3 Bb4 9. Na4 Be7 10. Nxc6 bxc6 11. Nb6 Rb8 12. Nxc8 Qxc8 13. Bd4 c5 14. Be5 Rb6 15. Qd3 d6 16. Bc3 0-0 17. b3 Nd7 18. Rad1 Bf6 19. Ba5 Rc6 20. Qg3 Be7 21. Kh1 Nf6 22. Bc3 Rd8 23. Bc4 Qc7 24. f4 Ne8 25. f5 e5 26. Bd5 Nf6 27. Qf3 c4 28. Bxc6 Qxc6 29. Rfe1 Rc8 30. Bd2 Nd7 31. Be3 a5 32. Bf2 a4 33. b4 c3 34. a3 Bg5 35. Be3 Be7 36. Bc1 Qc4 37. Qd3 Qa2 38. Qa6 Rd8 39. Qxa4 Nb6 40. Qa7 Nc8 41. Qf2 f6 42. Rd3 1-0

[Event "CRO-chT1A 30th"]
[Site "Porec"]
[Date "2022.09.28"]
[Round "5.2"]
[White "Mrkonjic, Nenad"]
[Black "Cotic, Borna"]
[Result "1/2-1/2"]
[WhiteElo "2347"]
[BlackElo "2133"]
[PlyCount "112"]
[EventDate "2022.09.24"]
[EventType "team-tourn"]
[EventRounds "9"]
[EventCountry "CRO"]
[SourceTitle "CBM 210 Extra"]
[Source "ChessBase"]
[SourceDate "2022.11.30"]
[SourceVersion "1"]
[SourceVersionDate "2022.11.30"]
[SourceQuality "1"]
[WhiteTeam "Osijek Ferit"]
[BlackTeam "Split Mornar"]
[WhiteTeamCountry "CRO"]
[BlackTeamCountry "CRO"]

1. d4 d5 2. c4 e6 3. Nc3 Nf6 4. Nf3 Be7 5. Bf4 0-0 6. e3 Nbd7 7. Be2 c5 8. cxd5 Nxd5 9. Nxd5 exd5 10. 0-0 a6 11. dxc5 Nxc5 12. Be5 Bf5 13. Rc1 Rc8 14. Nd4 Bd7 15. Nf3 Bf5 16. h3 Re8 17. Qd4 Ne6 18. Qd2 Be4 19. Rxc8 Qxc8 20. Rc1 Qd7 21. Nd4 Rc8 22. Bg4 Rxc1+ 23. Qxc1 Nxd4 24. Bxd4 Qc6 25. Qxc6 bxc6 26. Be2 a5 27. Bb6 a4 28. Bd1 a3 29. bxa3 Bxa3 30. Ba5 c5 31. Bf3 Bxf3 32. gxf3 f5 33. Kf1 Kf7 34. Ke2 Ke6 35. Kd3 Kd6 36. Bc3 c4+ 37. Kc2 g6 38. f4 Kc6 39. Bb2 Be7 40. a4 Bh4 41. f3 Kc5 42. Ba3+ Kb6 43. Bb4 Bf6 44. Kd2 Kc6 45. Kc2 Bd8 46. Kc3 Bb6 47. Kd2 Ba7 48. Ke2 Bc5 49. Bc3 Kb6 50. Kd2 Ka6 51. Ke2 Bb6 52. Bb4 Ba5 53. Be7 Bc3 54. Bd8 Ba5 55. Be7 Bc3 56. Bd8 Ba5 1/2-1/2

[Event "CRO-chT1A 30th"]
[Site "Porec"]
[Date "2022.09.26"]
[Round "3.3"]
[White "Kurajica, Bojan"]
[Black "Cotic, Borna"]
[Result "1-0"]
[WhiteElo "2488"]
[BlackElo "2133"]
[PlyCount "101"]
[EventDate "2022.09.24"]
[EventType "team-tourn"]
[EventRounds "9"]
[EventCountry "CRO"]
[SourceTitle "CBM 210 Extra"]
[Source "ChessBase"]
[SourceDate "2022.11.30"]
[SourceVersion "1"]
[SourceVersionDate "2022.11.30"]
[SourceQuality "1"]
[WhiteTeam "Solin Cemex"]
[BlackTeam "Split Mornar"]
[WhiteTeamCountry "CRO"]
[BlackTeamCountry "CRO"]

1. Nf3 Nf6 2. g3 d5 3. Bg2 e6 4. c4 Be7 5. b3 0-0 6. Bb2 b6 7. cxd5 exd5 8. 0-0 Bb7 9. d4 Nbd7 10. Nc3 Re8 11. Rc1 Bf8 12. Qc2 c6 13. Rfe1 Rc8 14. a3 c5 15. Qf5 Qe7 16. e3 g6 17. Qf4 Nh5 18. Qg4 f5 19. Qh3 Nhf6 20. Qh4 Ne4 21. Qxe7 Bxe7 22. Red1 c4 23. b4 Nxc3 24. Bxc3 Nf6 25. Ne5 Bd6 26. f3 Rcd8 27. h3 Nd7 28. f4 Nf6 29. Nxc4 dxc4 30. Bxb7 Rxe3 31. Kf2 Rde8 32. Re1 Rxe1 33. Rxe1 Ne4+ 34. Kf3 Kf8 35. Bxe4 fxe4+ 36. Rxe4 Rd8 37. a4 a6 38. Re6 Kf7 39. d5 b5 40. axb5 axb5 41. g4 Rd7 42. Ke4 Kf8 43. h4 Kf7 44. g5 Re7 45. f5 Bg3 46. h5 gxf5+ 47. Kxf5 Rd7 48. g6+ hxg6+ 49. hxg6+ Kf8 50. g7+ Kf7 51. Rf6+ 1-0

[Event "CRO-chT1A 29th"]
[Site "Mali Losinj"]
[Date "2021.10.02"]
[Round "8.3"]
[White "Cotic, Borna"]
[Black "Franic, Milan"]
[Result "1/2-1/2"]
[WhiteElo "2135"]
[BlackElo "2369"]
[PlyCount "102"]
[EventDate "2021.09.25"]
[EventType "team-tourn"]
[EventRounds "9"]
[EventCountry "CRO"]
[SourceTitle "CBM 204 Extra"]
[Source "ChessBase"]
[SourceDate "2021.11.30"]
[SourceVersion "1"]
[SourceVersionDate "2021.11.30"]
[SourceQuality "1"]
[WhiteTeam "Split Mornar"]
[BlackTeam "Pula"]
[WhiteTeamCountry "CRO"]
[BlackTeamCountry "CRO"]

1. e4 b6 2. d4 Bb7 3. Bd3 Nf6 4. Qe2 Nc6 5. c3 e5 6. Nf3 d6 7. 0-0 Be7 8. d5 Nb8 9. c4 0-0 10. Nc3 Nbd7 11. Bc2 a5 12. a3 g6 13. h3 Nh5 14. Bh6 Ng7 15. Qd2 Ba6 16. b3 f5 17. Ng5 Bxg5 18. Bxg5 Qe8 19. f4 fxe4 20. Rae1 Nf5 21. fxe5 Qxe5 22. Rxe4 Qh8 23. Ref4 Ng3 24. Rxf8+ Rxf8 25. Rxf8+ Nxf8 26. Qe3 Qxc3 27. Qxc3 Ne2+ 28. Kf2 Nxc3 29. Bf6 a4 30. Bxc3 axb3 31. Bxb3 Nd7 32. Ke3 Nc5 33. Ba2 Kf7 34. h4 Bc8 35. Bb1 h6 36. Bc2 Bd7 37. Bd4 Bg4 38. Bxc5 dxc5 39. Bd3 Kf6 40. Kf4 Bc8 41. g3 g5+ 42. hxg5+ hxg5+ 43. Ke3 Ke5 44. Bf1 Bf5 45. Bg2 Bc2 46. Bf3 Ba4 47. Kd3 Bd7 48. Bg2 Bf5+ 49. Ke3 Bc2 50. Bf3 Ba4 51. Kd3 Be8 1/2-1/2

[Event "CRO-chT1A 29th"]
[Site "Mali Losinj"]
[Date "2021.09.29"]
[Round "5.5"]
[White "Tomic, Stjepan"]
[Black "Cotic, Borna"]
[Result "0-1"]
[WhiteElo "1942"]
[BlackElo "2135"]
[PlyCount "72"]
[EventDate "2021.09.25"]
[EventType "team-tourn"]
[EventRounds "9"]
[EventCountry "CRO"]
[SourceTitle "CBM 204 Extra"]
[Source "ChessBase"]
[SourceDate "2021.11.30"]
[SourceVersion "1"]
[SourceVersionDate "2021.11.30"]
[SourceQuality "1"]
[WhiteTeam "Zagreb Hask Mladost"]
[BlackTeam "Split Mornar"]
[WhiteTeamCountry "CRO"]
[BlackTeamCountry "CRO"]

1. d4 d5 2. Bf4 Nf6 3. e3 c5 4. c3 Nc6 5. Nd2 Bf5 6. Qb3 Qd7 7. Ngf3 c4 8. Qd1 e6 9. Be2 Bd6 10. Bxd6 Qxd6 11. Nh4 0-0 12. g4 Be4 13. f3 Bg6 14. Nxg6 hxg6 15. f4 g5 16. fxg5 Nh7 17. Qc2 Nxg5 18. 0-0-0 Nh3 19. Rdf1 b5 20. Bf3 b4 21. Bg2 bxc3 22. bxc3 Ng5 23. h4 Nh7 24. g5 Ne7 25. Bh3 Rab8 26. h5 Qa3+ 27. Kd1 Rb2 28. Qc1 Nxg5 29. Rh2 Qxa2 30. Rff2 Rfb8 31. Ke1 Qa4 32. Kf1 Ra2 33. Nb1 Rxf2+ 34. Kxf2 Qa1 35. Qa3 Qxa3 36. Nxa3 Nxh3+ 0-1

[Event "CRO-ch U19"]
[Site "Split"]
[Date "2021.07.28"]
[Round "6"]
[White "Cotic, Borna"]
[Black "Tukovic, Dario"]
[Result "1-0"]
[WhiteElo "2159"]
[BlackElo "1777"]
[PlyCount "79"]
[EventDate "2021.07.25"]
[EventType "swiss"]
[EventRounds "9"]
[EventCountry "CRO"]
[SourceTitle "EXT 2022"]
[Source "ChessBase"]
[SourceDate "2021.10.06"]
[SourceVersion "1"]
[SourceVersionDate "2021.10.06"]
[SourceQuality "1"]

1. e4 e5 2. Nf3 Nc6 3. Nc3 Nf6 4. Bb5 d6 5. d4 exd4 6. Nxd4 Bd7 7. 0-0 Be7 8. Nxc6 Bxc6 9. Bxc6+ bxc6 10. Qf3 0-0 11. Bf4 Rb8 12. b3 Nd7 13. Rad1 Bf6 14. Ne2 Re8 15. Ng3 Bg5 16. Rfe1 Rb5 17. Nf5 Bxf4 18. Qxf4 Qf6 19. Qg4 Ne5 20. Qg3 Qg6 21. Qh3 Qg4 22. Qxg4 Nxg4 23. Nd4 Rb6 24. h3 Ne5 25. c4 g6 26. f4 Nd7 27. e5 dxe5 28. Nxc6 Rxc6 29. Rxd7 e4 30. Kf2 f5 31. Ke3 Ree6 32. Red1 Rf6 33. g4 h6 34. R1d5 a6 35. c5 a5 36. Rd8+ Kf7 37. Ra8 h5 38. g5 Ra6 39. Rd7+ Ke6 40. Rxa6+ 1-0

[Event "CRO-chT U20 30th"]
[Site "Rabac"]
[Date "2021.04.08"]
[Round "6.1"]
[White "Cotic, Borna"]
[Black "Jakrlin, Mihael"]
[Result "1/2-1/2"]
[WhiteElo "2120"]
[BlackElo "2106"]
[PlyCount "51"]
[EventDate "2021.04.06"]
[EventType "team-tourn"]
[EventRounds "11"]
[EventCountry "CRO"]
[SourceTitle "CBM 201 Extra"]
[Source "ChessBase"]
[SourceDate "2021.05.31"]
[SourceVersion "1"]
[SourceVersionDate "2021.05.31"]
[SourceQuality "1"]
[WhiteTeam "Split Mornar U20"]
[BlackTeam "Rijeka Junior U20"]
[WhiteTeamCountry "CRO"]
[BlackTeamCountry "CRO"]

1. e4 c6 2. Nc3 d5 3. d4 dxe4 4. Nxe4 Nf6 5. Nxf6+ exf6 6. c3 Bd6 7. Bd3 0-0 8. Ne2 Re8 9. 0-0 Bg4 10. Qc2 Bxe2 11. Bxe2 f5 12. Bf3 g6 13. Bd2 Nd7 14. Rfe1 Qc7 15. h3 Re6 16. Rxe6 fxe6 17. Qb3 Kf7 18. c4 Re8 19. Bc3 h5 20. Rd1 a6 21. a4 Re7 22. a5 Re8 23. Qa2 Nf6 24. Qb3 Qe7 25. Qc2 Rd8 26. Qc1 1/2-1/2

[Event "Wch FIDE Online U18 Europe qual"]
[Site "Tornelo INT"]
[Date "2020.12.07"]
[Round "1"]
[White "Cotic, Borna"]
[Black "Fus, Jakub"]
[Result "1-0"]
[WhiteElo "2039"]
[BlackElo "2190"]
[PlyCount "105"]
[EventDate "2020.12.07"]
[EventType "swiss (rapid)"]
[EventRounds "7"]
[EventCountry "ISS"]
[SourceTitle "EXT 2022"]
[Source "ChessBase"]
[SourceDate "2021.10.06"]
[SourceVersion "1"]
[SourceVersionDate "2021.10.06"]
[SourceQuality "1"]

1. e4 c5 2. Nf3 e6 3. c4 a6 4. Nc3 Qc7 5. d4 cxd4 6. Nxd4 Nf6 7. a3 b6 8. Be2 Bb7 9. f3 Be7 10. Be3 d6 11. 0-0 Nbd7 12. Rc1 0-0 13. b4 Rac8 14. Qd2 Rfe8 15. Rfd1 Qb8 16. Nb3 Bd8 17. Bf4 Ne5 18. Bxe5 dxe5 19. c5 b5 20. a4 bxa4 21. Nxa4 Nh5 22. Na5 h6 23. Nxb7 Bg5 24. Qc3 Qxb7 25. Nb6 Bxc1 26. Nxc8 Rxc8 27. Rxc1 Nf4 28. Bf1 Rb8 29. c6 Qc7 30. Kh1 Rb6 31. Qc5 Ng6 32. h3 Ne7 33. Qxe7 Qxe7 34. c7 Qxb4 35. c8Q+ Kh7 36. Qc3 Qd6 37. Ra1 Rc6 38. Qa3 Qd4 39. Bxa6 Rc2 40. Bf1 Qf2 41. Qd3 Rd2 42. Qa6 h5 43. Qa7 Qxa7 44. Rxa7 Kg6 45. Kg1 Rb2 46. Ra5 Kf6 47. Rb5 Rc2 48. Rb4 h4 49. Rc4 Rd2 50. Rc3 g5 51. Re3 Rb2 52. Re2 Rb1 53. Kf2 1-0

[Event "Wch FIDE Online U18 Europe qual"]
[Site "Tornelo INT"]
[Date "2020.12.07"]
[Round "2"]
[White "Kozak, Adam"]
[Black "Cotic, Borna"]
[Result "1-0"]
[WhiteElo "2505"]
[BlackElo "2039"]
[PlyCount "103"]
[EventDate "2020.12.07"]
[EventType "swiss (rapid)"]
[EventRounds "7"]
[EventCountry "ISS"]
[SourceTitle "EXT 2022"]
[Source "ChessBase"]
[SourceDate "2021.10.06"]
[SourceVersion "1"]
[SourceVersionDate "2021.10.06"]
[SourceQuality "1"]

1. d4 Nf6 2. c4 e6 3. Nf3 d5 4. Nc3 Be7 5. cxd5 exd5 6. Bg5 c6 7. e3 Bf5 8. Bxf6 Bxf6 9. Bd3 Bxd3 10. Qxd3 Nd7 11. 0-0 0-0 12. Rab1 a5 13. Na4 Qe7 14. Rfc1 g6 15. Nc5 Nxc5 16. Rxc5 Qe6 17. Qd2 a4 18. Ne1 Be7 19. Rcc1 Bd6 20. Nd3 Kg7 21. Nc5 Bxc5 22. Rxc5 Qe4 23. Rbc1 f5 24. f3 Qe6 25. Kf2 Rf7 26. Re1 Qd6 27. g3 Re7 28. Ra5 Ree8 29. Rc1 Qe7 30. Re1 Qd6 31. Qc3 b5 32. Rxa8 Rxa8 33. Rc1 Rc8 34. Qa5 Rc7 35. Qb6 Kf7 36. Qb8 Kg7 37. Rc2 Qd7 38. b3 axb3 39. axb3 Qc8 40. Qb6 Qd7 41. Ke2 h5 42. Ra2 h4 43. Ra8 hxg3 44. hxg3 Rb7 45. Qc5 Qe7 46. Qxc6 Rc7 47. Qxd5 Rc2+ 48. Kd3 Rc3+ 49. Kxc3 Qxe3+ 50. Kb4 Qd2+ 51. Kxb5 Qd3+ 52. Kb6 1-0

[Event "EU-ch Online U18"]
[Site "Tornelo INT"]
[Date "2020.09.19"]
[Round "5"]
[White "Cotic, Borna"]
[Black "Meleqi, Kidas"]
[Result "1-0"]
[WhiteElo "2120"]
[BlackElo "1623"]
[PlyCount "97"]
[EventDate "2020.09.18"]
[EventType "swiss (rapid)"]
[EventRounds "9"]
[EventCountry "ENG"]
[SourceTitle "CBM 198 Extra"]
[Source "ChessBase"]
[SourceDate "2020.11.30"]
[SourceVersion "1"]
[SourceVersionDate "2020.11.30"]
[SourceQuality "1"]

1. e4 c6 2. Nc3 d5 3. Nf3 dxe4 4. Nxe4 Nd7 5. d4 Ngf6 6. Bd3 Nxe4 7. Bxe4 Nf6 8. Bd3 Bg4 9. c3 e6 10. h3 Bh5 11. Bg5 Be7 12. 0-0 0-0 13. Be2 Nd7 14. Bf4 Nb6 15. Ne5 Bg6 16. Nxg6 hxg6 17. Bf3 Bd6 18. Bc1 Bc7 19. Qc2 Qf6 20. Qe4 a5 21. h4 Qf5 22. Qxf5 gxf5 23. b3 Nd5 24. c4 Nb4 25. Bb2 Rfd8 26. Rfd1 Rd7 27. a3 Na6 28. Bc3 Bd8 29. b4 Bxh4 30. b5 cxb5 31. cxb5 Nb8 32. d5 Ra7 33. Be5 Ra8 34. Rac1 Kh7 35. Rc8 Rd8 36. Rxd8 Bxd8 37. dxe6 Be7 38. exf7 Kg6 39. Rd8 Kxf7 40. Rxb8 Rxb8 41. Bxb8 Bxa3 42. Bxb7 Bc5 43. Bd5+ Ke7 44. Be5 g5 45. Kf1 a4 46. f3 g4 47. fxg4 fxg4 48. Ke2 a3 49. Kd3 1-0

[Event "EU-ch Online U18"]
[Site "Tornelo INT"]
[Date "2020.09.19"]
[Round "4"]
[White "Krastev, Alexander"]
[Black "Cotic, Borna"]
[Result "1-0"]
[WhiteElo "2340"]
[BlackElo "2120"]
[PlyCount "91"]
[EventDate "2020.09.18"]
[EventType "swiss (rapid)"]
[EventRounds "9"]
[EventCountry "ENG"]
[SourceTitle "CBM 198 Extra"]
[Source "ChessBase"]
[SourceDate "2020.11.30"]
[SourceVersion "1"]
[SourceVersionDate "2020.11.30"]
[SourceQuality "1"]

1. e4 c5 2. Nf3 e6 3. d4 cxd4 4. Nxd4 Nc6 5. Nc3 Qc7 6. Qd3 a6 7. Nxc6 bxc6 8. Qg3 Qxg3 9. hxg3 d5 10. Bd3 Nf6 11. f3 d4 12. Ne2 e5 13. g4 Nd7 14. Bd2 Nc5 15. Bc4 Be6 16. Bxe6 Nxe6 17. 0-0-0 Be7 18. g3 c5 19. c4 Kd7 20. Kc2 Kc6 21. Nc1 Bg5 22. Nd3 Kd6 23. f4 exf4 24. gxf4 Be7 25. f5 Nc7 26. b4 cxb4 27. Bxb4+ Kd7 28. Ne5+ Ke8 29. Bxe7 Kxe7 30. Rxd4 Kf6 31. Nf3 h6 32. Rd7 g6 33. e5+ Kg7 34. Rxc7 Rhc8 35. f6+ Kg8 36. Rxc8+ Rxc8 37. Kc3 Kh7 38. Ng5+ Kg8 39. Rxh6 Rc5 40. Kd4 Ra5 41. Rh7 Rxa2 42. Rg7+ Kf8 43. Rxf7+ Ke8 44. Re7+ Kd8 45. Ne6+ Kc8 46. f7 1-0

[Event "EU-ch Online U18"]
[Site "Tornelo INT"]
[Date "2020.09.19"]
[Round "6"]
[White "Malfliet, Alexander"]
[Black "Cotic, Borna"]
[Result "0-1"]
[WhiteElo "1610"]
[BlackElo "2120"]
[PlyCount "75"]
[EventDate "2020.09.18"]
[EventType "swiss (rapid)"]
[EventRounds "9"]
[EventCountry "ENG"]
[SourceTitle "CBM 198 Extra"]
[Source "ChessBase"]
[SourceDate "2020.11.30"]
[SourceVersion "1"]
[SourceVersionDate "2020.11.30"]
[SourceQuality "1"]

1. e4 c5 2. b4 cxb4 3. d4 d5 4. exd5 Nf6 5. a3 Qa5 6. Bd2 Nxd5 7. Bc4 e6 8. Qf3 Nc6 9. Ne2 Be7 10. 0-0 0-0 11. c3 bxa3 12. Qg3 Qc7 13. f4 Nxd4 14. Nxd4 Qxc4 15. Nxa3 Bxa3 16. Rxa3 Nf6 17. f5 Ne4 18. Qf4 Nxd2 19. Qxd2 exf5 20. Rf4 Qc5 21. Ra1 Be6 22. Kh1 a5 23. Qd3 Rfd8 24. Qg3 a4 25. Raf1 a3 26. Nxf5 Bxf5 27. h3 Bg6 28. Ra1 a2 29. Rff1 Rd3 30. Qe1 h6 31. Rf2 Qxc3 32. Qf1 Qxa1 33. Qxa1 Rd1+ 34. Qxd1 a1Q 35. Rf1 Qxd1 36. Rxd1 b5 37. Rd2 b4 38. Rc2 0-1

[Event "CRO-ch U19"]
[Site "Vinkovci"]
[Date "2020.08.01"]
[Round "6"]
[White "Cotic, Borna"]
[Black "Ghersinich, Enrico"]
[Result "0-1"]
[WhiteElo "2049"]
[BlackElo "2299"]
[PlyCount "64"]
[EventDate "2020.07.28"]
[EventType "swiss"]
[EventRounds "9"]
[EventCountry "CRO"]
[SourceTitle "EXT 2021"]
[Source "ChessBase"]
[SourceDate "2020.10.23"]
[SourceVersion "1"]
[SourceVersionDate "2020.10.23"]
[SourceQuality "1"]

1. e4 c5 2. Nf3 d6 3. Bb5+ Nd7 4. 0-0 a6 5. Bd3 Ngf6 6. c3 b5 7. Bc2 Bb7 8. Qe2 c4 9. b4 e6 10. d3 cxd3 11. Bxd3 Be7 12. a4 bxa4 13. Rxa4 a5 14. Re1 0-0 15. Bd2 Bc6 16. Ra1 Qb6 17. Na3 axb4 18. cxb4 d5 19. e5 Ne4 20. Nc4 Qxf2+ 21. Qxf2 Nxf2 22. Kxf2 dxc4 23. Bxc4 Bxf3 24. gxf3 Bh4+ 25. Kf1 Bxe1 26. Rxe1 Nb6 27. Bb3 Ra3 28. Rb1 Rd8 29. Ke2 Nd5 30. b5 h6 31. Rb2 g5 32. Bc4 Nc3+ 0-1

[Event "CRO-ch U19"]
[Site "Vinkovci"]
[Date "2020.07.30"]
[Round "4"]
[White "Cotic, Borna"]
[Black "Jakrlin, Mihael"]
[Result "1/2-1/2"]
[WhiteElo "2049"]
[BlackElo "2183"]
[PlyCount "35"]
[EventDate "2020.07.28"]
[EventType "swiss"]
[EventRounds "9"]
[EventCountry "CRO"]
[SourceTitle "EXT 2021"]
[Source "ChessBase"]
[SourceDate "2020.10.23"]
[SourceVersion "1"]
[SourceVersionDate "2020.10.23"]
[SourceQuality "1"]

1. e4 c6 2. Nc3 d5 3. d4 dxe4 4. Nxe4 Nf6 5. Nxf6+ exf6 6. Bf4 Bd6 7. Qd2 0-0 8. Bxd6 Qxd6 9. Nf3 Re8+ 10. Be2 Bg4 11. 0-0 Nd7 12. h3 Bh5 13. Rfe1 Nf8 14. c3 Rad8 15. Nh4 Rxe2 16. Rxe2 Bxe2 17. Qxe2 Qe6 18. Qxe6 1/2-1/2

[Event "CRO-ch U19"]
[Site "Vinkovci"]
[Date "2020.07.29"]
[Round "3"]
[White "Salamon, Viktor"]
[Black "Cotic, Borna"]
[Result "0-1"]
[WhiteElo "1805"]
[BlackElo "2049"]
[PlyCount "154"]
[EventDate "2020.07.28"]
[EventType "swiss"]
[EventRounds "9"]
[EventCountry "CRO"]
[SourceTitle "EXT 2021"]
[Source "ChessBase"]
[SourceDate "2020.10.23"]
[SourceVersion "1"]
[SourceVersionDate "2020.10.23"]
[SourceQuality "1"]

1. d4 Nf6 2. Nc3 d5 3. Bf4 e6 4. e3 Bd6 5. Nf3 0-0 6. Bd3 b6 7. 0-0 Bxf4 8. exf4 c5 9. Re1 Nc6 10. dxc5 bxc5 11. Ne5 Bb7 12. b3 Rc8 13. Nxc6 Bxc6 14. Qe2 Re8 15. Nb1 c4 16. bxc4 dxc4 17. Bxc4 Qd4 18. Nd2 Qxf4 19. Qe3 Qc7 20. Bd3 Nd5 21. Qh3 h6 22. Qg3 Qxg3 23. hxg3 Nb4 24. Rab1 Nxd3 25. cxd3 Red8 26. Re3 Bd5 27. Rb2 Rc1+ 28. Kh2 Rdc8 29. Nb3 R1c2 30. Re2 Rxe2 31. Rxe2 Bxb3 32. axb3 Rc3 33. Ra2 Rxb3 34. Rxa7 Rxd3 35. g4 g5 36. f3 Kg7 37. Kg3 Kg6 38. Ra6 Rd1 39. Rb6 Rd4 40. Ra6 Rf4 41. Rb6 Rd4 42. Ra6 Kf6 43. Rb6 Ra4 44. Rc6 Kg6 45. Rb6 Ra2 46. Rc6 Re2 47. Rb6 h5 48. gxh5+ Kxh5 49. Rb5 f5 50. Rb8 Kg6 51. Rb6 Kf6 52. Rb8 Ra2 53. Rc8 Ra3 54. Rb8 g4 55. Rc8 Rd3 56. Rb8 Ke5 57. Ra8 gxf3 58. gxf3 Rd1 59. Rb8 f4+ 60. Kf2 Rd2+ 61. Ke1 Rc2 62. Rd8 Rb2 63. Re8 Kf5 64. Rf8+ Ke5 65. Rd8 Rb5 66. Ke2 Ra5 67. Rc8 Ra2+ 68. Ke1 Kd4 69. Re8 Ke3 70. Rxe6+ Kxf3 71. Re8 Ra1+ 72. Kd2 Kf2 73. Rf8 f3 74. Rg8 Ra7 75. Rd8 Kf1 76. Ke3 f2 77. Rf8 Ke1 0-1

[Event "CRO-ch U19"]
[Site "Vinkovci"]
[Date "2020.07.28"]
[Round "1"]
[White "Baric, Marko"]
[Black "Cotic, Borna"]
[Result "0-1"]
[WhiteElo "1831"]
[BlackElo "2049"]
[PlyCount "56"]
[EventDate "2020.07.28"]
[EventType "swiss"]
[EventRounds "9"]
[EventCountry "CRO"]
[SourceTitle "EXT 2021"]
[Source "ChessBase"]
[SourceDate "2020.10.23"]
[SourceVersion "1"]
[SourceVersionDate "2020.10.23"]
[SourceQuality "1"]

1. e4 c5 2. Nf3 e6 3. c4 Nc6 4. Be2 g5 5. d3 h6 6. Nc3 Bg7 7. Be3 d6 8. h3 Nd4 9. Rb1 Ne7 10. 0-0 0-0 11. Nh2 f5 12. f4 Ng6 13. Bh5 Nxf4 14. Bxf4 gxf4 15. Rxf4 Qg5 16. Rf2 Bd7 17. exf5 Bc6 18. Bf3 Rxf5 19. Ne4 Bxe4 20. dxe4 Rf7 21. Qd2 Qg3 22. Kh1 Raf8 23. Qe3 Be5 24. Nf1 Qh4 25. b4 Nxf3 26. gxf3 Qxh3+ 27. Nh2 Rxf3 28. Rg2+ Qxg2+ 0-1

[Event "CRO-chT U20 29th"]
[Site "Cakovec"]
[Date "2020.07.19"]
[Round "11.1"]
[White "Levacic, Matej"]
[Black "Cotic, Borna"]
[Result "1/2-1/2"]
[WhiteElo "2040"]
[BlackElo "2049"]
[PlyCount "61"]
[EventDate "2020.07.14"]
[EventType "team-tourn"]
[EventRounds "11"]
[EventCountry "CRO"]
[SourceTitle "CBM 197 Extra"]
[Source "ChessBase"]
[SourceDate "2020.09.30"]
[SourceVersion "1"]
[SourceVersionDate "2020.09.30"]
[SourceQuality "1"]
[WhiteTeam "Zadar Casper U20"]
[BlackTeam "Split Mornar U20"]
[WhiteTeamCountry "CRO"]
[BlackTeamCountry "CRO"]

1. d4 d5 2. c4 e6 3. Nc3 Be7 4. Nf3 Nf6 5. Bf4 0-0 6. e3 Nbd7 7. Be2 b6 8. cxd5 Nxd5 9. Nxd5 exd5 10. 0-0 Bb7 11. Rc1 c5 12. b3 Rc8 13. Bd3 Nf6 14. Bf5 Ra8 15. Ne5 g6 16. Bd3 Kg7 17. h3 Rc8 18. Qe2 Nh5 19. Bh2 cxd4 20. exd4 Rxc1 21. Rxc1 Bd6 22. g4 Nf6 23. Bf4 Qe7 24. Qd2 Rc8 25. Re1 Ne4 26. Bh6+ Kg8 27. Bxe4 dxe4 28. Rd1 Bd5 29. Rc1 Rxc1+ 30. Qxc1 Qc7 31. Qf4 1/2-1/2